| 000 | 01122pam a2200289 a 4500 | ||
|---|---|---|---|
| 001 | 2823771 | ||
| 003 | NUST - PNEC | ||
| 005 | 20170116181116.0 | ||
| 008 | 830808s1984 ne a 001 0 eng | ||
| 010 | _a 83016387 | ||
| 020 |
_a0444996400 (U.S.) : _c$95.00 (est.) |
||
| 040 |
_aDLC _cLIBRARY _dDLC |
||
| 041 | 1 | _aengpol | |
| 050 | 0 | 0 |
_aTJ216 _b.K8513 1984 |
| 082 | 0 | 0 |
_a629.8314 KUR _219 |
| 100 | 1 |
_aKurman, Konstanty J. _q(Konstanty Jan) |
|
| 240 | 1 | 0 |
_aTeoria regulacji, podstawy-analiza-projektowanie. _lEnglish |
| 245 | 1 | 0 |
_aFeedback control, theory and design / _cKonstanty J. Kurman ; [translated by Jerzy Bachrach from the Polish]. |
| 260 |
_aAmsterdam ; _aNew York : _bElsevier ; _aNew York, NY : _bDistribution for the U.S.A. and Canada, Elsevier Science Pub. Co., _c1984. |
||
| 300 |
_axi, 527 p. : _bill. ; _c24 cm. |
||
| 440 | 0 |
_aStudies in automation and control ; _v4 |
|
| 500 | _aTranslation of: Teoria regulacji, podstawy-analiza-projektowanie. | ||
| 500 | _aIncludes index. | ||
| 650 | 0 |
_aFeedback control systems. _xME |
|
| 906 |
_a7 _bcbc _corignew _d1 _eocip _f19 _gy-gencatlg |
||
| 942 |
_2ddc _cBK |
||
| 999 |
_c69322 _d69322 |
||